| 000 | 00946cam a22002773a 4500 | ||
|---|---|---|---|
| 001 | 4038 | ||
| 003 | PGUSA | ||
| 005 | 20140828083046.0 | ||
| 008 | 030501s2003||||xxu|||||s|||||000 1 eng d | ||
| 040 |
_aPGUSA _beng |
||
| 042 | _adc | ||
| 050 | 4 | _aPR | |
| 100 | 1 |
_aPater, Walter, _d1839-1894 |
|
| 245 | 1 | 0 |
_aImaginary Portraits _h[electronic resource] / _cWalter Pater |
| 260 |
_bProject Gutenberg, _c2003 |
||
| 500 | _aUnaccented version in 7imag10.txt and 7imag10.zip, accented versions in 8imag10.txt and 8imag10.zip | ||
| 505 | 0 | _aA prince of court painters -- Denys l'Auxerrois -- Sebastian van Storck -- Duke Carl of Rosenmold. | |
| 506 | _aPublic domain in the USA. | ||
| 516 | _aElectronic text | ||
| 653 | _aShort stories, English | ||
| 653 | _aEurope -- History -- Fiction | ||
| 653 | _aCourts and courtiers -- Fiction | ||
| 830 | 0 |
_aProject Gutenberg _v4038 |
|
| 856 | 4 | 0 | _uhttp://www.gutenberg.org/ebooks/4038 |
| 942 | _cEB | ||
| 999 |
_c233367 _d233367 |
||